<?xml version="1.0" encoding="UTF-8"?>
<record
    xmlns:xsi="http://www.w3.org/2001/XMLSchema-instance"
    xsi:schemaLocation="http://www.loc.gov/MARC21/slim http://www.loc.gov/standards/marcxml/schema/MARC21slim.xsd"
    xmlns="http://www.loc.gov/MARC21/slim">

  <leader>01058nam a2200265   4500</leader>
  <datafield tag="952" ind1=" " ind2=" ">
    <subfield code="a">0001</subfield>
    <subfield code="b">0001</subfield>
    <subfield code="d">2019-05-09</subfield>
    <subfield code="l">0</subfield>
    <subfield code="o">322.1 K86p 2011</subfield>
    <subfield code="p">003851</subfield>
    <subfield code="r">2019-05-09 00:00:00</subfield>
    <subfield code="w">2019-05-09</subfield>
    <subfield code="y">BKS</subfield>
  </datafield>
  <datafield tag="999" ind1=" " ind2=" ">
    <subfield code="c">13226</subfield>
    <subfield code="d">13226</subfield>
  </datafield>
  <controlfield tag="003">MIRAKIL</controlfield>
  <controlfield tag="005">20190509135821.0</controlfield>
  <controlfield tag="008">190509b        tu ||||| |||| 00| 0 tur d</controlfield>
  <datafield tag="020" ind1=" " ind2=" ">
    <subfield code="a">9786053992219</subfield>
  </datafield>
  <datafield tag="040" ind1=" " ind2=" ">
    <subfield code="a">TR-AnCHP</subfield>
    <subfield code="c">TR-AnCHP</subfield>
  </datafield>
  <datafield tag="041" ind1=" " ind2=" ">
    <subfield code="a">tur</subfield>
  </datafield>
  <datafield tag="082" ind1=" " ind2=" ">
    <subfield code="a">322.1</subfield>
    <subfield code="b">K86p 2011</subfield>
  </datafield>
  <datafield tag="100" ind1=" " ind2=" ">
    <subfield code="a">Kuru, Ahmet T. </subfield>
  </datafield>
  <datafield tag="245" ind1="1" ind2="0">
    <subfield code="a">Pasif ve d&#x131;&#x15F;lay&#x131;c&#x131; laiklik :</subfield>
    <subfield code="b">ABD, Fransa, T&#xFC;rkiye /</subfield>
    <subfield code="c">Ahmet T. Kuru ; &#xE7;eviren: Eylem &#xC7;a&#x11F;da&#x15F; Babao&#x11F;lu</subfield>
  </datafield>
  <datafield tag="260" ind1=" " ind2=" ">
    <subfield code="a">&#x130;stanbul :</subfield>
    <subfield code="b">&#x130;stanbul Bilgi &#xDC;niversitesi Yay&#x131;nlar&#x131;,</subfield>
    <subfield code="c">2011.</subfield>
  </datafield>
  <datafield tag="300" ind1=" " ind2=" ">
    <subfield code="a">x&#x131;&#x131;&#x131;, 304 s.:</subfield>
    <subfield code="b">tbl.;</subfield>
    <subfield code="c">23 sm.</subfield>
  </datafield>
  <datafield tag="490" ind1="0" ind2=" ">
    <subfield code="a">&#x130;stanbul Bilgi &#xDC;niversitesi Yay&#x131;nlar&#x131; ;</subfield>
    <subfield code="a">Siyaset bilimi ; </subfield>
    <subfield code="v">364.</subfield>
    <subfield code="v">38.</subfield>
  </datafield>
  <datafield tag="500" ind1=" " ind2=" ">
    <subfield code="a">Yap&#x131;t&#x131;n &#xF6;zg&#xFC;n ad&#x131;: Secularism and state policies toward religion : The United States, France, and Turkey</subfield>
  </datafield>
  <datafield tag="504" ind1=" " ind2=" ">
    <subfield code="a">Kaynak&#xE7;a ve dizin vard&#x131;r.</subfield>
  </datafield>
  <datafield tag="650" ind1=" " ind2="0">
    <subfield code="9">5726</subfield>
    <subfield code="a">Din ve devlet</subfield>
    <subfield code="x">Amerika Birle&#x15F;ik Devletleri</subfield>
  </datafield>
  <datafield tag="650" ind1=" " ind2="0">
    <subfield code="9">5726</subfield>
    <subfield code="a">Din ve devlet</subfield>
    <subfield code="x">Fransa</subfield>
  </datafield>
  <datafield tag="650" ind1=" " ind2="0">
    <subfield code="9">5726</subfield>
    <subfield code="a">Din ve devlet</subfield>
    <subfield code="x">T&#xFC;rkiye</subfield>
  </datafield>
  <datafield tag="700" ind1=" " ind2=" ">
    <subfield code="9">5727</subfield>
    <subfield code="a">Babao&#x11F;lu, Eylem &#xC7;a&#x11F;da&#x15F;</subfield>
    <subfield code="e">&#xE7;ev.</subfield>
  </datafield>
  <datafield tag="942" ind1=" " ind2=" ">
    <subfield code="2">ddc</subfield>
    <subfield code="c">BKS</subfield>
  </datafield>
</record>
